Logo BPK

Biblioteka

Politechniki Koszalińskiej

I'm the king of the castle / (Rekord nr 52044)

Szczegóły MARC
000 -ETYKIETA REKORDU
podpole kontrolne o stałej długości 00763nam a2200253 i 4500
001 - NUMER KONTROLNY REKORDU
pole kontrolne bg
020 ## - MIĘDZYNARODOWY ZNORMALIZOWANY NUMER KSIĄŻKI - ISBN
ISBN 0582434467
040 ## - ŹRÓDŁO KATALOGOWANIA
Instytucja, która utworzyła rekord BPK
041 0# - KOD JĘZYKA
Kod języka tekstu eng
080 ## - UNIWERSALNA KLASYFIKACJA DZIESIĘTNA - UKD
UKD 821.111-3
920 ## - Międzynarodowy znormalizowany numer książki – ISBN
ISBN 0-582-43446-7
008 - POLE O STAŁEJ DŁUGOŚCI - DANE KONTROLNE
podpole kontrolne o stałej długości s pl f |000 0 pol
100 1# - NAZWA OSOBOWA
Nazwa osobowa HILL, Susan
Daty związane z nazwą (1942- ).
245 10 - TYTUŁ/ODPOWIEDZIALNOŚĆ
Tytuł I'm the king of the castle /
Pozostałe elementy strefy tytułu i oznaczenia odpowiedzialności Susan Hill ; notes Frank Downes.
250 ## - STREFA WYDANIA
Oznaczenie wydania 9th impr.
260 ## - STREFA ADRESU WYDAWNICZEGO
Miejsce wydania Harlow :
Nazwa wydawcy/dystrybutora Longman :
-- Pearson Education,
Data publikacji, dystrybucji/powstania dokumentu 2005.
300 ## - STREFA OPISU FIZYCZNEGO
Objętość III, 288 s. ;
Rozmiary 21 cm.
490 1# - STREFA SERII I DOKUMENTU WIELOCZĘŚCIOWEGO - FORMA NIE DO WYSZUKIWANIA
Tytuł i oznaczenie odpowiedzialności serii New Longman Literature
650 #9 - HASŁO PRZEDMIOTOWE W FORMIE NAZWY OGÓLNEJ LUB JEDNOSTKOWEJ
Nazwa ogólna lub geograficzna Powieść angielska
Określnik chronologiczny 20 w.
700 1# - HASŁO DODATKOWE - NAZWA OSOBOWA
Nazwa osobowa DOWNES, Frank.
Określenie związku między hasłem a opisywanym materiałem Oprac.
830 ## - HASŁO DODATKOWE SERII LUB DOKUMENTU WIELOCZĘŚCIOWEGO - TYTUŁ UJEDNOLICONY
Tytuł ujednolicony New Longman Literature
942 ## - DODATKOWE ELEMENTY (KOHA)
Typ dokumentu Książka
Egzemplarze
Wycofany Status egzemplarza Uszkodzony Dostępność Lokalizacja stała Lokalizacja bieżąca Miejsce przechowywania Sygnatura Kod kreskowy Typ dokumentu
      Dostępny Biblioteka Politechniki Koszalińskiej Biblioteka Politechniki Koszalińskiej Wypożyczalnia BG 79710 02323312 Książka
© 2023 Biblioteka Politechniki Koszalińskiej :: KOHA